| 000 | 00382nam a2200157Ia 4500 | ||
|---|---|---|---|
| 003 | LK-CoDNM | ||
| 008 | 010623t1927 xxu||||| |||| 00| 1 eng d | ||
| 040 |
_aLK-CoDNM _dLK-CoDNM _eLK-CoDNM |
||
| 041 | _aeng | ||
| 080 | _a159.9 HUX | ||
| 100 | _aHuxley,Aldous. | ||
| 245 | _aProper Studies | ||
| 260 |
_bChatto and Windus _aLondon _c1927 |
||
| 300 | _bxix,299p., 18 cm | ||
| 942 | _cBK | ||
| 999 |
_c93843 _d93843 |
||